| 000 | 00616nam a2200217 a 4500 | ||
|---|---|---|---|
| 005 | 20220904144912.0 | ||
| 008 | 010829s1999 mx r 000 0 spa d | ||
| 020 | _a9687791802 (SM) | ||
| 020 | _a9681823745 (CNCA) | ||
| 035 | _aUPN01000110670 | ||
| 049 | _aCG | ||
| 050 | 4 |
_aPQ7298.23 U6.4 _bF8.4 |
|
| 100 | 1 |
_aMurguía, Verónica, _d1960- _931012 |
|
| 245 | 1 | 3 |
_aEl fuego verde / _cVerónica Murguía. |
| 260 |
_aMéxico : _bSM : _aCNCA, _c1999. |
||
| 300 | _a163 p. | ||
| 440 | 0 |
_aGran angular ; _v8 |
|
| 500 | _a"2a ed., México 2003 (reimpresión)" | ||
| 650 | 0 |
_aNovela de fantasía _98197 |
|
| 905 | _aLibro | ||
| 999 |
_c84579 _d84579 |
||